Introduction to calculus and analysis /

Saved in:
Bibliographic Details
Main Author: Courant, Richard, 1888-1972
Other Authors: John, Fritz, 1910-
Format: Book
Language:English
Published: New York, Sydney : Interscience Publishers, [1965-.
Series:Wiley international edition
Subjects:
LEADER 01230nam a2200265 i 4500
001 c000305603
003 CARM
005 00000000000000.0
008 840313s1965 nyu 0 eng d
019 1 |a 69847403  |5 LACONCORD2021 
035 |a (OCoLC)1268118177  |5 LACONCORD2021 
082 0 4 |a 517 
100 1 |a Courant, Richard,  |d 1888-1972. 
245 1 0 |a Introduction to calculus and analysis /  |c [by] Richard Courant and Fritz John. 
260 |a New York, Sydney :  |b Interscience Publishers,  |c [1965-. 
300 |a v. :  |b illus. 
490 0 |a Wiley international edition 
500 |a Based on the first author's Vorlesungen uber Differential und Intergralrechnung, and its subsequent English translation, first published in Glasgow in 1934 under title: Differential and integral calculus. 
650 0 |a Calculus. 
650 0 |a Mathematical analysis. 
700 1 |a John, Fritz,  |d 1910- 
700 1 |a Courant, Richard,  |d 1888-1972.  |t Vorlesungen über Differential- und Integralrechnung.  |l English. 
852 8 |b CARM  |h A1:AQ02G0  |i B10611  |p 0514107  |f BK 
999 f f |i a6a56379-6144-52db-83d8-d3625b6bf9ea  |s b0e96b26-011f-5ec2-a04b-c9dc9ccb5929 
952 f f |p Can circulate  |a CAVAL  |b CAVAL  |c CAVAL  |d CARM 1 Store  |e B10611  |f A1:AQ02G0  |h Other scheme  |i book  |m 0514107